000 00799cam a2200229 4500
001 ABS66307
008 030117n2003 000 0 eng u
035 _a(Sirsi) u121048
100 _aRichards, M.
245 _aEurope's top 300
260 _c2003
490 _aBuilding
_v268(8265) 10 January 2003, 49-57(9)
520 _aIn "The Vikings have arrived" Sweden is highlighted as ending France's domination of the league tables of European contractors. Reports that many of the more successful firms have used globalisation to take advantage of working with governments and larger employers. Table.
590 _aABS
650 _aBUILDING CONTRACTORS
650 _aRANKINGS
650 _aSWEDEN
650 _aFRANCE
650 _aEUROPE
690 _aBUILT ENVIRONMENT
942 _n0
999 _c71931
_d71931